[Event "MESRRK"]
[Site "?"]
[Date "2018.05.25"]
[Round "1.1"]
[White "Kubikova, Nina"]
[Black "Kostolansky, Sebastian Lukas"]
[Result "0-1"]
[BlackElo "1923"]
[WhiteElo "1240"]
[LiveChessVersion "1.4.8"]

1. e4 {[%clk 0:20:19]} e6 {[%clk 0:20:19]} 2. Nf3 {[%clk 0:20:23]} d5
{[%clk 0:20:27]} 3. exd5 {[%clk 0:20:20]} exd5 {[%clk 0:20:35]} 4. d4
{[%clk 0:20:28]} Nf6 {[%clk 0:20:43]} 5. Nc3 {[%clk 0:20:33]} Be7
{[%clk 0:20:48]} 6. Bd3 {[%clk 0:20:13]} O-O {[%clk 0:20:46]} 7. O-O
{[%clk 0:20:21]} a6 {[%clk 0:18:46]} 8. Bf4 {[%clk 0:19:27]} b5 {[%clk 0:18:12]}
9. Qd2 {[%clk 0:18:55]} Bb7 {[%clk 0:17:56]} 10. Rfe1 {[%clk 0:18:25]} Re8
{[%clk 0:16:55]} 11. Ne2 {[%clk 0:18:08]} Ne4 {[%clk 0:13:06]} 12. Qc1
{[%clk 0:16:06]} Nd7 {[%clk 0:12:08]} 13. Ng3 {[%clk 0:15:54]} Ndf6
{[%clk 0:12:12]} 14. c3 {[%clk 0:14:06]} c5 {[%clk 0:10:17]} 15. Qc2
{[%clk 0:12:14]} Rc8 {[%clk 0:09:20]} 16. Rad1 {[%clk 0:08:23]} Qb6
{[%clk 0:07:51]} 17. Bf1 {[%clk 0:05:13]} cxd4 {[%clk 0:07:03]} 18. Nxd4
{[%clk 0:05:00]} Bc5 {[%clk 0:07:06]} 19. Qb1 {[%clk 0:04:46]} b4
{[%clk 0:06:59]} 20. Be3 {[%clk 0:04:11]} bxc3 {[%clk 0:05:13]} 21. bxc3
{[%clk 0:04:10]} Nxc3 {[%clk 0:05:16]} 22. Qxb6 {[%clk 0:04:18]} Bxb6
{[%clk 0:05:25]} 23. Rd2 {[%clk 0:04:14]} Ng4 {[%clk 0:05:00]} 24. Ndf5
{[%clk 0:03:26]} Nxe3 {[%clk 0:03:50]} 25. Nxe3 {[%clk 0:03:32]} d4
{[%clk 0:01:42]} 26. Rb2 {[%clk 0:01:35]} Na4 {[%clk 0:01:48]} 27. Rbe2
{[%clk 0:01:15]} dxe3 {[%clk 0:01:56]} 28. fxe3 {[%clk 0:01:21]} Nc3
{[%clk 0:01:46]} 29. Rc2 {[%clk 0:01:06]} Rxe3 {[%clk 0:01:51]} 30. Rxe3
{[%clk 0:01:10]} Bxe3+ {[%clk 0:01:59]} 31. Kh1 {[%clk 0:01:16]} Nd1
{[%clk 0:02:08]} 32. Re2 {[%clk 0:00:39]} Nf2+ {[%clk 0:02:02]} 33. Kg1
{[%clk 0:00:46]} Ng4+ {[%clk 0:02:05]} 34. Kh1 {[%clk 0:00:40]} Rc3
{[%clk 0:02:12]} 35. Nf5 {[%clk 0:00:24]} Rc1 {[%clk 0:02:10]} 36. Nxe3
{[%clk 0:00:24]} Nxe3 {[%clk 0:02:18]} 37. Rf2 {[%clk 0:00:17]} Nxf1
{[%clk 0:02:25]} 0-1

[Event "MESRRK"]
[Site "?"]
[Date "2018.05.25"]
[Round "1.2"]
[White "Paseka, Matyas"]
[Black "Rous, Dominik"]
[Result "1-0"]
[BlackElo "1238"]
[WhiteElo "1651"]
[LiveChessVersion "1.4.8"]

1. e4 {[%clk 0:20:17]} g6 {[%clk 0:20:18]} 2. d4 {[%clk 0:20:23]} d6
{[%clk 0:20:27]} 3. Nc3 {[%clk 0:20:27]} Bg7 {[%clk 0:20:36]} 4. f4
{[%clk 0:20:07]} Nd7 {[%clk 0:20:08]} 5. Nf3 {[%clk 0:20:08]} f6 {[%clk 0:16:59]}
6. Bc4 {[%clk 0:18:02]} e5 {[%clk 0:16:32]} 7. fxe5 {[%clk 0:16:41]} fxe5
{[%clk 0:16:29]} 8. Ng5 {[%clk 0:15:26]} Nh6 {[%clk 0:16:10]} 9. Ne6
{[%clk 0:14:31]} Qh4+ {[%clk 0:15:24]} 10. g3 {[%clk 0:14:13]} Qe7
{[%clk 0:15:02]} 11. Nxc7+ {[%clk 0:13:56]} Kd8 {[%clk 0:15:06]} 12. Nxa8
{[%clk 0:13:27]} exd4 {[%clk 0:15:13]} 13. Bxh6 {[%clk 0:10:18]} 1-0

[Event "MESRRK"]
[Site "?"]
[Date "2018.05.25"]
[Round "1.3"]
[White "Kovarikova, Maria"]
[Black "Salgovic, Simon"]
[Result "0-1"]
[BlackElo "1643"]
[WhiteElo "1236"]
[LiveChessVersion "1.4.8"]

1. e4 {[%clk 0:20:19]} d5 {[%clk 0:20:19]} 2. exd5 {[%clk 0:20:27]} Qxd5
{[%clk 0:20:28]} 3. Nc3 {[%clk 0:20:36]} Qa5 {[%clk 0:20:36]} 4. d4
{[%clk 0:20:45]} Nf6 {[%clk 0:20:43]} 5. Nf3 {[%clk 0:20:32]} Nc6
{[%clk 0:20:50]} 6. Bd2 {[%clk 0:17:38]} a6 {[%clk 0:20:28]} 7. Bc4
{[%clk 0:17:26]} Bg4 {[%clk 0:19:32]} 8. Nd5 {[%clk 0:16:42]} Qa4
{[%clk 0:17:48]} 9. b3 {[%clk 0:15:25]} Qa3 {[%clk 0:17:45]} 10. Nxc7+
{[%clk 0:15:07]} Kd8 {[%clk 0:17:12]} 11. Nxa8 {[%clk 0:15:07]} b5
{[%clk 0:16:31]} 12. Be2 {[%clk 0:14:46]} Qd6 {[%clk 0:15:54]} 13. O-O
{[%clk 0:13:56]} h5 {[%clk 0:14:26]} 14. Ng5 {[%clk 0:11:50]} Ke8
{[%clk 0:13:45]} 15. f3 {[%clk 0:08:56]} Bf5 {[%clk 0:12:07]} 16. a4
{[%clk 0:07:39]} b4 {[%clk 0:10:48]} 17. Bc4 {[%clk 0:07:03]} e6 {[%clk 0:10:04]}
18. Qe2 {[%clk 0:06:26]} Nxd4 {[%clk 0:09:32]} 19. Qf2 {[%clk 0:05:46]} Qc6
{[%clk 0:08:34]} 20. Be3 {[%clk 0:05:05]} Nxc2 {[%clk 0:08:20]} 21. Rac1
{[%clk 0:03:34]} Qxa8 {[%clk 0:07:40]} 22. Ne4 {[%clk 0:02:48]} Nxe4
{[%clk 0:05:52]} 23. fxe4 {[%clk 0:02:50]} Qxe4 {[%clk 0:05:59]} 24. Bb6
{[%clk 0:01:34]} Bd6 {[%clk 0:05:30]} 25. Qf3 {[%clk 0:00:58]} Ke7
{[%clk 0:03:39]} 26. Qxe4 {[%clk 0:01:03]} Bxe4 {[%clk 0:03:48]} 27. Bxa6
{[%clk 0:00:51]} h4 {[%clk 0:03:36]} 28. h3 {[%clk 0:00:58]} Rh6 {[%clk 0:03:33]}
29. a5 {[%clk 0:00:52]} Rg6 {[%clk 0:03:36]} 30. Rf2 {[%clk 0:00:56]} f5
{[%clk 0:02:55]} 31. Bc4 {[%clk 0:01:04]} f4 {[%clk 0:03:02]} 32. Kf1
{[%clk 0:01:08]} f3 {[%clk 0:02:57]} 33. gxf3 {[%clk 0:01:12]} Bf5
{[%clk 0:03:06]} 34. Ke2 {[%clk 0:01:03]} Bg3 {[%clk 0:02:43]} 35. Rff1
{[%clk 0:01:00]} Bf4 {[%clk 0:01:51]} 36. Bc5+ {[%clk 0:01:08]} Kf6
{[%clk 0:01:35]} 37. Rcd1 {[%clk 0:01:01]} Bxh3 {[%clk 0:01:26]} 38. Rg1
{[%clk 0:00:59]} Bg2 {[%clk 0:01:34]} 39. Kf2 {[%clk 0:00:35]} h3
{[%clk 0:01:39]} 40. Bd4+ {[%clk 0:00:39]} Nxd4 {[%clk 0:01:42]} 41. Rxd4 Be5
{[%clk 0:01:21]} 42. Rg4 {[%clk 0:00:49]} Rxg4 {[%clk 0:01:28]} 43. fxg4
{[%clk 0:00:58]} Bd4+ {[%clk 0:01:38]} 44. Kg3 {[%clk 0:01:00]} Bxg1
{[%clk 0:01:46]} 45. Bd3 {[%clk 0:01:08]} Ba7 {[%clk 0:01:51]} 46. Be2
{[%clk 0:01:14]} e5 {[%clk 0:01:53]} 47. Bf3 {[%clk 0:01:18]} Bxf3
{[%clk 0:02:01]} 48. Kxf3 {[%clk 0:01:27]} h2 {[%clk 0:02:08]} 49. Kg2
{[%clk 0:01:34]} Kg5 {[%clk 0:02:17]} 50. Kxh2 {[%clk 0:01:41]} Kxg4
{[%clk 0:02:26]} 51. Kg2 {[%clk 0:01:50]} Kf4 {[%clk 0:02:34]} 52. Kf1
{[%clk 0:02:06]} e4 {[%clk 0:02:50]} 53. Ke2 {[%clk 0:02:14]} e3 {[%clk 0:02:57]}
54. Kd3 {[%clk 0:02:22]} Kf3 {[%clk 0:03:05]} 55. Kc4 {[%clk 0:02:31]} e2
{[%clk 0:03:14]} 56. Kxb4 {[%clk 0:02:39]} e1=Q+ {[%clk 0:03:22]} 57. Ka4
{[%clk 0:02:48]} Bc5 {[%clk 0:03:27]} 58. a6 {[%clk 0:02:55]} Qb4# 0-1

[Event "MESRRK"]
[Site "?"]
[Date "2018.05.25"]
[Round "1.4"]
[White "Kovalskyi, Roman"]
[Black "Gyori, Samuel"]
[Result "1-0"]
[BlackElo "1229"]
[WhiteElo "1610"]
[LiveChessVersion "1.4.8"]

1. e4 {[%clk 0:20:18]} e5 {[%clk 0:20:18]} 2. Nf3 {[%clk 0:20:27]} Nc6
{[%clk 0:20:25]} 3. Bc4 {[%clk 0:20:36]} Bc5 {[%clk 0:20:32]} 4. c3
{[%clk 0:20:44]} Nf6 {[%clk 0:20:40]} 5. d3 {[%clk 0:20:53]} d5 {[%clk 0:20:09]}
6. exd5 {[%clk 0:20:58]} Nxd5 {[%clk 0:20:17]} 7. O-O {[%clk 0:21:03]} O-O
{[%clk 0:20:14]} 8. Nbd2 {[%clk 0:21:11]} Nf4 {[%clk 0:19:57]} 9. Ne4
{[%clk 0:21:17]} Be7 {[%clk 0:19:07]} 10. Nxe5 {[%clk 0:20:50]} Nxe5
{[%clk 0:17:59]} 11. Bxf4 {[%clk 0:20:57]} Nxc4 {[%clk 0:16:54]} 12. dxc4
{[%clk 0:21:04]} Bf5 {[%clk 0:16:52]} 13. Ng3 {[%clk 0:21:05]} Be6
{[%clk 0:16:45]} 14. b3 {[%clk 0:20:59]} c6 {[%clk 0:16:49]} 15. Qf3
{[%clk 0:20:40]} Qa5 {[%clk 0:16:19]} 16. b4 {[%clk 0:20:11]} Qa3
{[%clk 0:16:20]} 17. c5 {[%clk 0:20:16]} Bf6 {[%clk 0:16:27]} 18. Ne4
{[%clk 0:20:12]} Be7 {[%clk 0:15:45]} 19. Bd6 {[%clk 0:20:05]} Rfe8
{[%clk 0:15:43]} 20. Bxe7 {[%clk 0:20:06]} Rxe7 {[%clk 0:15:52]} 21. Nd6
{[%clk 0:20:13]} Bd5 {[%clk 0:15:58]} 22. Qg3 {[%clk 0:20:02]} Bxa2
{[%clk 0:14:27]} 23. Nf5 {[%clk 0:19:52]} g6 {[%clk 0:12:44]} 24. Nxe7+
{[%clk 0:19:59]} Kf8 {[%clk 0:12:51]} 25. Qd6 {[%clk 0:20:01]} Kg7
{[%clk 0:12:47]} 26. Qd4+ {[%clk 0:20:00]} Kf8 {[%clk 0:12:37]} 27. Qd6
{[%clk 0:20:06]} Kg7 {[%clk 0:12:42]} 28. Qd4+ {[%clk 0:20:15]} f6
{[%clk 0:12:51]} 29. Qd2 {[%clk 0:20:22]} Qb3 {[%clk 0:12:23]} 30. Rxa2
{[%clk 0:20:24]} Qe6 {[%clk 0:12:32]} 31. Re1 {[%clk 0:20:28]} Qf7
{[%clk 0:12:31]} 32. Raa1 {[%clk 0:20:27]} Re8 {[%clk 0:12:38]} 33. Qd6
{[%clk 0:20:31]} Qb3 {[%clk 0:12:25]} 34. Nf5+ {[%clk 0:20:30]} gxf5
{[%clk 0:12:26]} 35. Rxe8 {[%clk 0:20:37]} Qxc3 {[%clk 0:12:34]} 36. Re7+
{[%clk 0:20:41]} Kg6 {[%clk 0:12:42]} 37. Qg3+ {[%clk 0:20:50]} Kh6
{[%clk 0:12:48]} 38. Qxc3 {[%clk 0:20:57]} Kg6 {[%clk 0:12:52]} 39. Re6
{[%clk 0:21:03]} Kh5 {[%clk 0:12:59]} 40. Qxf6 {[%clk 0:21:06]} Kg4
{[%clk 0:13:07]} 41. h3+ {[%clk 0:21:09]} Kf4 {[%clk 0:13:16]} 42. Qh4#
{[%clk 0:21:07]} 1-0

[Event "MESRRK"]
[Site "?"]
[Date "2018.05.25"]
[Round "1.5"]
[White "Krakorova, Hana"]
[Black "Stevik, Patrik"]
[Result "0-1"]
[BlackElo "1609"]
[WhiteElo "1228"]
[LiveChessVersion "1.4.8"]

1. e4 {[%clk 0:20:17]} c5 {[%clk 0:20:20]} 2. Nf3 {[%clk 0:20:22]} d6
{[%clk 0:20:28]} 3. Nc3 {[%clk 0:20:19]} Nc6 {[%clk 0:20:36]} 4. Bc4
{[%clk 0:20:14]} e6 {[%clk 0:20:37]} 5. O-O {[%clk 0:20:07]} Nf6 {[%clk 0:20:46]}
6. d3 {[%clk 0:20:14]} Be7 {[%clk 0:20:54]} 7. d4 {[%clk 0:19:56]} cxd4
{[%clk 0:20:59]} 8. Nxd4 {[%clk 0:20:04]} O-O {[%clk 0:21:03]} 9. Bg5
{[%clk 0:19:37]} h6 {[%clk 0:21:10]} 10. Bxf6 {[%clk 0:19:42]} Bxf6
{[%clk 0:21:18]} 11. Nxc6 {[%clk 0:19:50]} bxc6 {[%clk 0:21:27]} 12. Qd2
{[%clk 0:19:48]} d5 {[%clk 0:21:35]} 13. exd5 {[%clk 0:19:25]} cxd5
{[%clk 0:21:44]} 14. Bb3 {[%clk 0:19:26]} Bb7 {[%clk 0:21:50]} 15. Rfe1
{[%clk 0:19:01]} Qc7 {[%clk 0:21:45]} 16. Re3 {[%clk 0:18:59]} d4
{[%clk 0:21:49]} 17. Nb5 {[%clk 0:18:46]} Qc6 {[%clk 0:21:35]} 18. Rg3
{[%clk 0:18:42]} Qxb5 {[%clk 0:21:29]} 19. Qxh6 {[%clk 0:18:48]} Qf5
{[%clk 0:21:25]} 20. Rd1 {[%clk 0:17:14]} g6 {[%clk 0:21:08]} 21. Rh3
{[%clk 0:17:04]} Rfd8 {[%clk 0:21:00]} 22. Qh7+ {[%clk 0:16:44]} Kf8
{[%clk 0:21:08]} 23. Qh6+ {[%clk 0:16:48]} Bg7 {[%clk 0:21:16]} 24. Qh4
{[%clk 0:16:32]} Qe4 {[%clk 0:21:01]} 25. Qg3 {[%clk 0:15:51]} Be5
{[%clk 0:21:08]} 26. Qf3 {[%clk 0:15:36]} Qxf3 {[%clk 0:21:17]} 27. gxf3
{[%clk 0:15:42]} d3 {[%clk 0:21:23]} 28. cxd3 {[%clk 0:15:37]} Bxb2
{[%clk 0:21:30]} 29. Kg2 {[%clk 0:15:13]} Bd5 {[%clk 0:21:39]} 30. Bxd5
{[%clk 0:15:04]} Rxd5 {[%clk 0:21:47]} 31. Rd2 {[%clk 0:14:59]} Bc3
{[%clk 0:21:56]} 32. Rc2 {[%clk 0:14:54]} Rxd3 {[%clk 0:22:05]} 33. Rxc3
{[%clk 0:14:57]} Rxc3 {[%clk 0:22:11]} 34. Rh8+ {[%clk 0:15:04]} Ke7
{[%clk 0:22:18]} 35. Rxa8 {[%clk 0:15:11]} Ra3 {[%clk 0:22:27]} 36. Rb8
{[%clk 0:14:43]} Rxa2 {[%clk 0:22:36]} 37. Rb7+ {[%clk 0:14:48]} Kf6
{[%clk 0:22:45]} 38. Kg3 a5 39. Ra7 {[%clk 0:14:57]} a4 {[%clk 0:23:05]} 40. Kg2
{[%clk 0:14:57]} e5 {[%clk 0:23:14]} 41. Kg3 {[%clk 0:14:58]} a3 {[%clk 0:23:24]}
42. Ra6+ {[%clk 0:15:05]} Kf5 {[%clk 0:23:32]} 43. h3 {[%clk 0:15:03]} Ra1
{[%clk 0:23:41]} 44. Ra7 {[%clk 0:14:55]} a2 {[%clk 0:23:50]} 45. Kg2
{[%clk 0:15:01]} f6 {[%clk 0:23:59]} 46. Ra5 {[%clk 0:14:45]} Ke6
{[%clk 0:24:07]} 47. Ra6+ {[%clk 0:14:52]} Kd5 {[%clk 0:24:16]} 48. Rxf6
{[%clk 0:14:29]} Rg1+ {[%clk 0:24:22]} 49. Kxg1 {[%clk 0:14:35]} a1=Q+
{[%clk 0:24:32]} 50. Kg2 {[%clk 0:14:40]} Qb1 {[%clk 0:24:40]} 51. Kg3
{[%clk 0:14:44]} Qd3 {[%clk 0:24:48]} 52. Kg4 {[%clk 0:14:50]} Qd4+
{[%clk 0:24:34]} 53. Kg3 {[%clk 0:14:56]} g5 {[%clk 0:24:41]} 54. Rf8
{[%clk 0:14:54]} Qh4+ {[%clk 0:24:50]} 55. Kg2 Ke6 {[%clk 0:24:54]} 56. Re8+
{[%clk 0:15:00]} Kf6 {[%clk 0:25:03]} 57. Rf8+ {[%clk 0:15:08]} Ke7
{[%clk 0:25:12]} 58. Rb8 {[%clk 0:15:13]} e4 {[%clk 0:25:19]} 59. fxe4
{[%clk 0:15:10]} Qxe4+ {[%clk 0:25:28]} 60. Kf1 {[%clk 0:15:13]} Qh1+
{[%clk 0:25:37]} 61. Ke2 {[%clk 0:15:21]} Qxh3 {[%clk 0:25:44]} 62. Rb7+
{[%clk 0:15:28]} Kf6 {[%clk 0:25:53]} 63. Rb6+ {[%clk 0:15:35]} Kf5
{[%clk 0:26:03]} 64. Rb5+ {[%clk 0:15:42]} Kg6 {[%clk 0:26:12]} 65. Rb6+
{[%clk 0:15:50]} Kh5 {[%clk 0:26:21]} 66. Rb5 {[%clk 0:15:58]} Qe6+
{[%clk 0:26:27]} 67. Kf1 {[%clk 0:16:06]} Qc4+ {[%clk 0:26:37]} 68. Kg2
{[%clk 0:16:12]} Qxb5 {[%clk 0:26:46]} 69. Kh3 {[%clk 0:16:17]} g4+
{[%clk 0:26:55]} 70. Kg3 {[%clk 0:16:25]} Qd3+ {[%clk 0:27:05]} 71. Kg2
{[%clk 0:16:33]} Qf3+ 72. Kf1 {[%clk 0:16:39]} g3 {[%clk 0:27:23]} 73. Kg1
{[%clk 0:16:45]} Qxf2+ 0-1

[Event "MESRRK"]
[Site "?"]
[Date "2018.05.25"]
[Round "1.6"]
[White "Domanskiy, Mykola"]
[Black "Piroska, Samuel"]
[Result "1-0"]
[BlackElo "1214"]
[WhiteElo "1598"]
[LiveChessVersion "1.4.8"]

1. e4 {[%clk 0:20:17]} e5 {[%clk 0:20:18]} 2. Nf3 {[%clk 0:20:25]} Nc6
{[%clk 0:20:25]} 3. Bb5 {[%clk 0:20:33]} Nf6 {[%clk 0:20:33]} 4. O-O
{[%clk 0:20:38]} d6 {[%clk 0:20:08]} 5. d3 {[%clk 0:20:39]} Be7 {[%clk 0:20:14]}
6. c3 {[%clk 0:20:47]} O-O {[%clk 0:19:29]} 7. h3 {[%clk 0:20:44]} a6
{[%clk 0:19:07]} 8. Ba4 {[%clk 0:20:52]} b5 {[%clk 0:18:57]} 9. Bc2
{[%clk 0:21:00]} h6 {[%clk 0:18:07]} 10. d4 {[%clk 0:20:06]} Bb7 {[%clk 0:16:37]}
11. Be3 {[%clk 0:19:47]} Re8 {[%clk 0:15:49]} 12. Re1 {[%clk 0:17:45]} Qd7
{[%clk 0:15:15]} 13. Nbd2 {[%clk 0:17:26]} a5 {[%clk 0:14:44]} 14. Nf1
{[%clk 0:17:29]} Nd8 {[%clk 0:13:37]} 15. dxe5 {[%clk 0:17:37]} dxe5
{[%clk 0:13:20]} 16. Nxe5 {[%clk 0:17:20]} Qxd1 {[%clk 0:12:39]} 17. Raxd1
{[%clk 0:17:28]} Nxe4 {[%clk 0:12:33]} 18. Bxh6 {[%clk 0:14:36]} gxh6
{[%clk 0:11:39]} 19. Bxe4 {[%clk 0:14:37]} Bxe4 {[%clk 0:11:36]} 20. Rxe4
{[%clk 0:14:45]} Bf6 {[%clk 0:11:28]} 21. Ng4 {[%clk 0:14:28]} Rxe4
{[%clk 0:10:27]} 22. Nxf6+ {[%clk 0:14:36]} Kg7 {[%clk 0:10:30]} 23. Nxe4
{[%clk 0:14:45]} Ne6 {[%clk 0:10:36]} 24. Nfg3 {[%clk 0:14:51]} b4
{[%clk 0:10:28]} 25. Rd7 {[%clk 0:14:53]} Kg6 {[%clk 0:10:00]} 26. h4
{[%clk 0:14:20]} h5 {[%clk 0:09:42]} 27. Ng5 {[%clk 0:13:44]} Nxg5
{[%clk 0:09:06]} 28. hxg5 {[%clk 0:13:53]} Kxg5 {[%clk 0:09:07]} 29. Rxf7
{[%clk 0:14:02]} h4 {[%clk 0:08:56]} 30. Ne4+ {[%clk 0:14:08]} Kg6
{[%clk 0:08:51]} 31. Rxc7 bxc3 {[%clk 0:08:51]} 32. bxc3 {[%clk 0:14:23]} Kf5
{[%clk 0:08:49]} 33. f3 {[%clk 0:14:23]} Rb8 {[%clk 0:08:22]} 34. Rb7
{[%clk 0:14:20]} Rc8 {[%clk 0:08:04]} 35. Nd6+ {[%clk 0:14:29]} Kf4
{[%clk 0:08:07]} 36. Nxc8 {[%clk 0:14:37]} h3 37. gxh3 {[%clk 0:14:44]} Kxf3
{[%clk 0:08:16]} 38. h4 {[%clk 0:14:46]} Kg4 {[%clk 0:08:24]} 39. Rh7
{[%clk 0:14:55]} a4 {[%clk 0:08:27]} 40. h5 {[%clk 0:15:02]} Kg5 {[%clk 0:08:32]}
41. Nd6 {[%clk 0:15:07]} a3 {[%clk 0:08:37]} 42. Ne4+ {[%clk 0:15:15]} Kh4
{[%clk 0:08:43]} 43. h6 {[%clk 0:15:17]} Kh5 {[%clk 0:08:48]} 44. Rh8
{[%clk 0:15:21]} Kg6 {[%clk 0:08:54]} 45. c4 {[%clk 0:15:29]} Kf5
{[%clk 0:08:57]} 46. Rg8 {[%clk 0:15:35]} Kxe4 {[%clk 0:09:01]} 47. h7
{[%clk 0:15:43]} Kd4 {[%clk 0:09:09]} 48. h8=Q+ {[%clk 0:15:51]} Kxc4
{[%clk 0:09:17]} 49. Rg4+ {[%clk 0:15:58]} Kd3 {[%clk 0:09:20]} 50. Qh3+
{[%clk 0:16:06]} Kc2 {[%clk 0:09:27]} 51. Qg2+ {[%clk 0:16:14]} Kd3
{[%clk 0:09:34]} 52. Qf3+ {[%clk 0:16:23]} Kd2 {[%clk 0:09:42]} 53. Rg2+
{[%clk 0:16:32]} Kc1 {[%clk 0:09:50]} 54. Qf1# {[%clk 0:16:40]} 1-0

[Event "MESRRK"]
[Site "?"]
[Date "2018.05.25"]
[Round "1.7"]
[White "Bulej, Matej"]
[Black "Lovcican, Tomas"]
[Result "0-1"]
[BlackElo "1547"]
[WhiteElo "1195"]
[LiveChessVersion "1.4.8"]

1. d4 {[%clk 0:20:18]} d5 {[%clk 0:20:18]} 2. Nf3 {[%clk 0:20:21]} Nf6
{[%clk 0:20:24]} 3. Bf4 {[%clk 0:20:26]} Bf5 {[%clk 0:20:17]} 4. e3
{[%clk 0:20:22]} e6 {[%clk 0:20:24]} 5. c4 {[%clk 0:20:24]} dxc4 {[%clk 0:19:41]}
6. Bxc4 {[%clk 0:20:26]} c5 {[%clk 0:19:48]} 7. O-O {[%clk 0:19:35]} Nc6
{[%clk 0:19:48]} 8. dxc5 {[%clk 0:19:29]} Bxc5 {[%clk 0:19:51]} 9. Nc3
{[%clk 0:19:31]} O-O {[%clk 0:19:39]} 10. h3 {[%clk 0:19:21]} h6 {[%clk 0:19:25]}
11. Ne5 {[%clk 0:17:57]} Nxe5 {[%clk 0:19:03]} 12. Bxe5 {[%clk 0:17:57]} Qe7
{[%clk 0:18:44]} 13. Qb3 {[%clk 0:17:32]} Ne4 {[%clk 0:17:58]} 14. Rfd1
{[%clk 0:16:58]} Rfd8 {[%clk 0:17:31]} 15. Nxe4 {[%clk 0:16:33]} Bxe4
{[%clk 0:17:31]} 16. a3 {[%clk 0:16:16]} Qg5 {[%clk 0:17:23]} 17. Bg3
{[%clk 0:15:57]} Bd6 {[%clk 0:17:24]} 18. h4 {[%clk 0:15:43]} Qg4
{[%clk 0:16:21]} 19. Be2 {[%clk 0:13:58]} Qg6 {[%clk 0:15:13]} 20. Bh5
{[%clk 0:11:12]} Qxh5 {[%clk 0:14:34]} 21. Rxd6 {[%clk 0:11:05]} Rxd6
{[%clk 0:14:43]} 22. Bxd6 {[%clk 0:11:14]} Qxh4 {[%clk 0:14:38]} 23. Bg3
{[%clk 0:10:03]} Qg5 {[%clk 0:12:03]} 24. Qb4 {[%clk 0:08:49]} Bc6
{[%clk 0:11:25]} 25. Rd1 {[%clk 0:08:41]} Qg6 {[%clk 0:10:13]} 26. Rd2
{[%clk 0:07:23]} Rc8 {[%clk 0:08:17]} 27. Qc5 {[%clk 0:07:07]} b6
{[%clk 0:07:30]} 28. Qc2 {[%clk 0:06:37]} Qg4 {[%clk 0:06:03]} 29. Qd1
{[%clk 0:05:58]} Qe4 {[%clk 0:05:38]} 30. Qf1 {[%clk 0:05:07]} e5
{[%clk 0:04:07]} 31. Rd1 {[%clk 0:04:10]} Qc2 {[%clk 0:02:40]} 32. Bxe5
{[%clk 0:04:07]} Ba4 {[%clk 0:02:33]} 33. Rb1 {[%clk 0:02:18]} Qe4
{[%clk 0:02:17]} 34. Bc3 {[%clk 0:02:13]} Rc5 {[%clk 0:02:07]} 35. Qe2
{[%clk 0:01:14]} Qxb1+ {[%clk 0:02:15]} 36. Kh2 {[%clk 0:01:11]} Qg6
{[%clk 0:02:16]} 37. Qd2 Qh5+ {[%clk 0:02:18]} 38. Kg1 {[%clk 0:01:19]} Qd1+
{[%clk 0:02:26]} 39. Qxd1 {[%clk 0:01:23]} Bxd1 {[%clk 0:02:35]} 0-1

[Event "MESRRK"]
[Site "?"]
[Date "2018.05.25"]
[Round "1.9"]
[White "Sahidi, Shabir"]
[Black "Kanak, Matyas"]
[Result "0-1"]
[BlackElo "1468"]
[WhiteElo "1153"]
[LiveChessVersion "1.4.8"]

1. d4 {[%clk 0:20:17]} Nf6 {[%clk 0:20:19]} 2. Nc3 {[%clk 0:20:23]} e6
{[%clk 0:20:29]} 3. Bf4 {[%clk 0:20:24]} Bb4 {[%clk 0:20:36]} 4. Nf3
{[%clk 0:20:00]} b6 {[%clk 0:20:44]} 5. e3 {[%clk 0:20:01]} Bb7 {[%clk 0:20:52]}
6. Bd3 {[%clk 0:19:54]} Ne4 {[%clk 0:20:47]} 7. Bxe4 {[%clk 0:19:46]} Bxe4
{[%clk 0:20:53]} 8. O-O {[%clk 0:19:41]} Bxc3 {[%clk 0:20:54]} 9. bxc3
{[%clk 0:19:42]} d6 {[%clk 0:20:59]} 10. Ng5 {[%clk 0:17:35]} Bg6
{[%clk 0:19:36]} 11. h3 {[%clk 0:15:59]} h6 {[%clk 0:19:38]} 12. Nf3
{[%clk 0:16:01]} Nd7 {[%clk 0:19:35]} 13. Qd2 {[%clk 0:15:12]} Nf6
{[%clk 0:19:07]} 14. c4 {[%clk 0:12:12]} Ne4 {[%clk 0:18:51]} 15. Qe2
{[%clk 0:11:55]} O-O {[%clk 0:18:39]} 16. Nd2 {[%clk 0:12:00]} c5
{[%clk 0:12:00]} 17. Nxe4 {[%clk 0:11:51]} Bxe4 {[%clk 0:12:08]} 18. f3
{[%clk 0:11:57]} Bg6 {[%clk 0:11:45]} 19. c3 {[%clk 0:12:01]} Qe7
{[%clk 0:11:17]} 20. e4 {[%clk 0:11:26]} e5 {[%clk 0:11:22]} 21. dxe5
{[%clk 0:11:22]} dxe5 {[%clk 0:11:30]} 22. Bg3 {[%clk 0:11:12]} f5
{[%clk 0:10:49]} 23. exf5 {[%clk 0:10:18]} Bxf5 {[%clk 0:10:57]} 24. Qxe5
{[%clk 0:10:13]} Qxe5 {[%clk 0:10:48]} 25. Bxe5 {[%clk 0:10:16]} Bd3
{[%clk 0:10:56]} 26. Rfd1 {[%clk 0:09:10]} Bxc4 {[%clk 0:11:04]} 27. Rd7
{[%clk 0:09:11]} Rf7 {[%clk 0:10:54]} 28. Rad1 {[%clk 0:07:44]} Bxa2
{[%clk 0:09:30]} 29. Rc7 {[%clk 0:05:49]} Rxc7 {[%clk 0:08:34]} 30. Bxc7
{[%clk 0:05:54]} Be6 {[%clk 0:08:42]} 31. Ra1 {[%clk 0:05:09]} b5
{[%clk 0:05:37]} 32. Bd6 {[%clk 0:04:31]} c4 {[%clk 0:05:35]} 33. Ra5
{[%clk 0:03:47]} a6 {[%clk 0:05:42]} 34. Kf2 {[%clk 0:03:38]} Kf7
{[%clk 0:05:50]} 35. Ke3 {[%clk 0:03:42]} Bd5 {[%clk 0:05:51]} 36. Kd4
{[%clk 0:03:32]} Ke6 {[%clk 0:05:45]} 37. Be5 {[%clk 0:03:25]} g6
{[%clk 0:05:53]} 38. f4 {[%clk 0:03:17]} Bxg2 {[%clk 0:05:40]} 39. h4
{[%clk 0:03:20]} Rd8+ {[%clk 0:03:45]} 40. Kc5 {[%clk 0:03:15]} Rc8+
{[%clk 0:03:51]} 41. Kd4 {[%clk 0:03:21]} Rc6 {[%clk 0:03:50]} 42. Ra2
{[%clk 0:02:45]} Bf1 {[%clk 0:03:14]} 43. Rb2 {[%clk 0:02:19]} Bd3
{[%clk 0:02:56]} 44. Rb4 {[%clk 0:02:02]} h5 {[%clk 0:02:36]} 45. Rb2
{[%clk 0:02:08]} Kf5 {[%clk 0:01:42]} 46. Rb4 {[%clk 0:02:00]} Kg4
{[%clk 0:00:25]} 47. Rb2 {[%clk 0:02:08]} Kxh4 {[%clk 0:00:34]} 48. Rg2
{[%clk 0:02:10]} Kh3 {[%clk 0:00:39]} 49. Rg5 {[%clk 0:02:14]} a5
{[%clk 0:00:28]} 50. f5 {[%clk 0:02:23]} Bxf5 {[%clk 0:00:17]} 51. Rg3+
{[%clk 0:02:16]} Kh4 {[%clk 0:00:25]} 52. Rg1 {[%clk 0:02:17]} Bg4
{[%clk 0:00:12]} 53. Rh1+ {[%clk 0:02:19]} Kg5 {[%clk 0:00:21]} 54. Ra1
{[%clk 0:02:25]} a4 {[%clk 0:00:29]} 55. Ke4 {[%clk 0:02:31]} Ra6
{[%clk 0:00:35]} 56. Bf4+ {[%clk 0:02:40]} Kf6 {[%clk 0:00:43]} 57. Rb1
{[%clk 0:02:48]} a3 {[%clk 0:00:48]} 58. Rxb5 {[%clk 0:02:56]} a2
{[%clk 0:00:57]} 59. Be5+ {[%clk 0:03:01]} Kf7 {[%clk 0:00:51]} 60. Rb7+
{[%clk 0:03:10]} Kg8 {[%clk 0:00:59]} 61. Rb8+ {[%clk 0:03:14]} Kf7
{[%clk 0:01:08]} 62. Rb7+ {[%clk 0:03:23]} Ke8 {[%clk 0:01:14]} 63. Rb8+
{[%clk 0:03:31]} Ke7 {[%clk 0:01:21]} 64. Rb7+ {[%clk 0:03:38]} Bd7
{[%clk 0:01:30]} 65. Kd5 {[%clk 0:03:07]} a1=Q {[%clk 0:01:33]} 66. Kxc4
{[%clk 0:02:37]} Rc6+ {[%clk 0:01:38]} 67. Kd5 {[%clk 0:02:32]} Qd1+
{[%clk 0:01:46]} 68. Ke4 {[%clk 0:02:40]} Ke6 {[%clk 0:01:44]} 69. Rb4
{[%clk 0:02:37]} Qd5+ {[%clk 0:01:51]} 70. Ke3 {[%clk 0:02:41]} Qxe5+
{[%clk 0:01:59]} 71. Re4 {[%clk 0:02:48]} Qxe4+ {[%clk 0:02:08]} 72. Kxe4
{[%clk 0:02:57]} Rxc3 {[%clk 0:02:17]} 73. Kf3 {[%clk 0:03:06]} g5+
{[%clk 0:02:27]} 74. Kg3 {[%clk 0:03:14]} g4+ {[%clk 0:02:36]} 75. Kg2
{[%clk 0:03:22]} h4 {[%clk 0:02:43]} 76. Kh2 {[%clk 0:03:30]} Rc2+
{[%clk 0:02:40]} 77. Kg1 {[%clk 0:03:38]} h3 {[%clk 0:02:49]} 78. Kh1
{[%clk 0:03:45]} g3 {[%clk 0:02:58]} 79. Kg1 {[%clk 0:03:53]} Rc1# 0-1